000 00413nam a2200169Ia 4500
003 0STCL
008 150530s9999 xx 000 0 und d
040 _aSTCL
_cSTCL
100 _aBurke; Selby, F.G.; Oxon, M.A.; Editor
245 _aBurkes speeches on American taxation
250 _aFirst
260 _bMacmillan
_c1963
546 _aEnglish
942 _2ddc
_cBK
999 _c60283
_d60283
005 20220125171132.0